[Event "NRW Verbandsklasse Group1 1314"]
[Site "Nordrheinwestfalen"]
[Date "2013.12.15"]
[Round "5.7"]
[White "Schnelting, Norbert"]
[Black "Vujanic, Dragan"]
[Result "0-1"]
[WhiteElo "1330"]
[BlackElo "1481"]
[PlyCount "48"]
[EventDate "2013.09.08"]
[EventType "team-tourn"]
[EventRounds "9"]
[EventCountry "GER"]
[SourceTitle "EXT 2020"]
[Source "ChessBase"]
[SourceDate "2019.10.17"]
[SourceVersion "1"]
[SourceVersionDate "2019.10.17"]
[SourceQuality "1"]
[WhiteTeam "Werne SK"]
[BlackTeam "Eichlinghofen SV II"]
[WhiteTeamCountry "GER"]
[BlackTeamCountry "GER"]

1. c4 e6 2. g3 Nf6 3. Bg2 d5 4. cxd5 exd5 5. e3 Nbd7 6. Ne2 c6 7. 0-0 g6 8. Nbc3 Bg7 9. d3 0-0 10. b3 Re8 11. d4 Nf8 12. Re1 Bf5 13. a4 a5 14. Bd2 Qd7 15. Nf4 Ne6 16. Nfe2 Ng5 17. Nf4 Bg4 18. Qc1 Nf3+ 19. Bxf3 Bxf3 20. h3 g5 21. g4 gxf4 22. exf4 Nxg4 23. Rxe8+ Rxe8 24. Be3 Nxe3 0-1